000 00416nam a22001697a 4500
005 20180707111359.0
008 160524b xxu||||| |||| 00| 0 eng d
020 _a81-261-1315-4
041 _aeng
082 _b4718
_a658.15
100 _aBhalla, V.K.
_94469
245 _aManagement of Financial Service
260 _aNew Delhi
_bAcademic Faundation
300 _a591
650 _aManagement
_9241
942 _cBK
999 _c1590
_d1589